000 00516nam a2200193Ia 4500
008 131103s9999 xx 000 0 und d
020 _a0 7214 0500 2
040 _aLoreto College
041 _aEnglish
082 _aREF
_b1 LCBED/9328
100 _aLewis, Brenda Ralph
245 _aGreat civilisations the Aztecs
_cBrenda Ralph Lewis
260 _aLoughborough
_bLadybird Books
_c1975
300 _a51 p.
_b ill
_c 18 cm.
504 _aIncludes index
650 _aREF
850 _aLCBED/REF 1
942 _cBK
999 _c33644
_d84123